00686nam a2200241 a 4500001001300000003000900013005001700022008004100039020000900080082001500089100002100104245003800125260004700163300000900210500003500219505001700254650002700271700002100298902000800319942000700327952009500334999001500429nice12345678IN_TiNIC20260116012359.0050524s1983 mada grp 000 0 eng  ac1800a297.7bKHA aKhan, Mumtaz Ali aMass Conversion of Meenakshipuram aMadrasbChristian Literature Societyc1983 a169p aincludes index and biblioraphy2 aBibliography aIslam-Conversion-Group1 aKhan, Mumtaz Ali bSRS cBK 00104070aHMIbHMId2007-07-12g18.00l0o297.7 KHAp012005r2007-07-12w2026-01-16yEB c6782d6782